000 00443nam a2200193Ia 4500
003 OSt
005 20250823102609.0
008 250729s1900 xx 000 0 und d
020 _a9788176489430
040 _cAL
041 _aeng
082 _a500.7 JOST
100 _ajoshi S R
_9221999
245 _aTeaching of science
260 _aNew Delhi
_bA P H Publishing
300 _a384p
650 _aScience
_9222000
942 _2ddc
_cBED
999 _c235260
_d235260